<?xml version="1.0" encoding="UTF-8"?>
<record
    xmlns:xsi="http://www.w3.org/2001/XMLSchema-instance"
    xsi:schemaLocation="http://www.loc.gov/MARC21/slim http://www.loc.gov/standards/marcxml/schema/MARC21slim.xsd"
    xmlns="http://www.loc.gov/MARC21/slim">

  <leader>01532cam a2200265 a 4500</leader>
  <controlfield tag="001">77960</controlfield>
  <controlfield tag="003">BD-RjUL</controlfield>
  <controlfield tag="005">20211209083054.0</controlfield>
  <controlfield tag="008">210222s2004    ir       b    000 0 ara  </controlfield>
  <datafield tag="020" ind1=" " ind2=" ">
    <subfield code="z">9772773430</subfield>
  </datafield>
  <datafield tag="035" ind1=" " ind2=" ">
    <subfield code="a">(BD-RjUL)78186</subfield>
  </datafield>
  <datafield tag="040" ind1=" " ind2=" ">
    <subfield code="a">DLC</subfield>
    <subfield code="c">DLC</subfield>
    <subfield code="b">eng</subfield>
  </datafield>
  <datafield tag="041" ind1=" " ind2=" ">
    <subfield code="a">eng</subfield>
  </datafield>
  <datafield tag="042" ind1=" " ind2=" ">
    <subfield code="a">lcode</subfield>
    <subfield code="a">pcc</subfield>
  </datafield>
  <datafield tag="082" ind1=" " ind2=" ">
    <subfield code="2">23</subfield>
    <subfield code="a">491.75</subfield>
    <subfield code="b">IBS 2004</subfield>
  </datafield>
  <datafield tag="100" ind1="1" ind2=" ">
    <subfield code="a">Ibn Hish&#x101;m, &#x2BB;Abd All&#x101;h ibn Y&#x16B;suf,</subfield>
    <subfield code="d">1309-1360.</subfield>
    <subfield code="9">245070</subfield>
  </datafield>
  <datafield tag="245" ind1="1" ind2="0">
    <subfield code="6">880-02</subfield>
    <subfield code="a">&#x634;&#x631;&#x62D; &#x634;&#x630;&#x648;&#x631; &#x627;&#x644;&#x630;&#x647;&#x628; &#x641;&#x64A; &#x645;&#x639;&#x631;&#x641;&#x629; &#x643;&#x644;&#x627;&#x645; &#x627;&#x644;&#x639;&#x631;&#x628;   ;; Shar&#x1E25; Shudh&#x16B;r al-dhahab f&#x12B; ma&#x2BB;rifat kal&#x101;m al-&#x2BB;Arab /</subfield>
    <subfield code="c"> &#x623;&#x628;&#x64A; &#x645;&#x62D;&#x645;&#x62F; &#x639;&#x628;&#x62F; &#x627;&#x644;&#x644;&#x647; &#x62C;&#x645;&#x627;&#x644; &#x627;&#x644;&#x62F;&#x64A;&#x646; &#x628;&#x646; &#x64A;&#x648;&#x633;&#x641; &#x628;&#x646; &#x623;&#x62D;&#x645;&#x62F; &#x628;&#x646; &#x639;&#x628;&#x62F; &#x627;&#x644;&#x644;&#x647; &#x628;&#x646; &#x647;&#x634;&#x627;&#x645; &#x627;&#x644;&#x623;&#x646;&#x635;&#x627;&#x631;&#x64A;&#x60C; &#x627;&#x644;&#x645;&#x635;&#x631;&#x64A;. &#x648;&#x645;&#x639;&#x647; &#x643;&#x62A;&#x627;&#x628; &#x645;&#x646;&#x62A;&#x647;&#x649; &#x627;&#x644;&#x623;&#x631;&#x628; &#x628;&#x62A;&#x62D;&#x642;&#x64A;&#x642; &#x634;&#x631;&#x62D; &#x634;&#x630;&#x648;&#x631; &#x627;&#x644;&#x630;&#x647;&#x628; / &#x62A;&#x623;&#x644;&#x64A;&#x641; &#x645;&#x62D;&#x645;&#x62F; &#x645;&#x62D;&#x64A;&#x649; &#x627;&#x644;&#x62F;&#x64A;&#x646; &#x639;&#x628;&#x62F; &#x627;&#x644;&#x62D;&#x645;&#x64A;&#x62F; ;; Ab&#x12B; Mu&#x1E25;ammad &#x2BB;Abd All&#x101;h Jam&#x101;l al-D&#x12B;n ibn Y&#x16B;suf ibn A&#x1E25;mad ibn &#x2BB;Abd All&#x101;h ibn Hish&#x101;m al-An&#x1E63;&#x101;r&#x12B;, al-Mi&#x1E63;r&#x12B;. Wa-ma&#x2BB;ahu, Kit&#x101;b Muntah&#xE1; al-arab bi-ta&#x1E25;q&#x12B;q Shar&#x1E25; shudh&#x16B;r al-dhahab / ta&#x2BC;l&#x12B;f Mu&#x1E25;ammad Mu&#x1E25;y&#x12B; al-D&#x12B;n &#x2BB;Abd al-&#x1E24;am&#x12B;d.</subfield>
  </datafield>
  <datafield tag="260" ind1=" " ind2=" ">
    <subfield code="a">&#x1E6C;ihr&#x101;n :</subfield>
    <subfield code="b">D&#x101;r al-taleo,</subfield>
    <subfield code="c">2004</subfield>
  </datafield>
  <datafield tag="300" ind1=" " ind2=" ">
    <subfield code="a">495 p. ;</subfield>
    <subfield code="c">25 cm.</subfield>
  </datafield>
  <datafield tag="504" ind1=" " ind2=" ">
    <subfield code="a">Includes bibliographical references.</subfield>
  </datafield>
  <datafield tag="600" ind1="1" ind2="0">
    <subfield code="a">Ibn Hish&#x101;m, &#x2BB;Abd All&#x101;h ibn Y&#x16B;suf,</subfield>
    <subfield code="d">1309-1360.</subfield>
    <subfield code="t">Shar&#x1E25; Shudh&#x16B;r al-dhahab.</subfield>
    <subfield code="9">245074</subfield>
  </datafield>
  <datafield tag="650" ind1=" " ind2="0">
    <subfield code="a">Arabic language</subfield>
    <subfield code="x">Grammar</subfield>
    <subfield code="v">Early works to 1800.</subfield>
    <subfield code="9">245072</subfield>
  </datafield>
  <datafield tag="700" ind1="1" ind2="2">
    <subfield code="a">&#x2BB;Abd al-&#x1E24;am&#x12B;d, Mu&#x1E25;ammad Mu&#x1E25;y&#x12B; al-D&#x12B;n.</subfield>
    <subfield code="9">245075</subfield>
  </datafield>
  <datafield tag="942" ind1=" " ind2=" ">
    <subfield code="2">ddc</subfield>
    <subfield code="c">BK</subfield>
  </datafield>
  <datafield tag="999" ind1=" " ind2=" ">
    <subfield code="c">77960</subfield>
    <subfield code="d">77960</subfield>
  </datafield>
  <datafield tag="952" ind1=" " ind2=" ">
    <subfield code="0">0</subfield>
    <subfield code="1">0</subfield>
    <subfield code="2">ddc</subfield>
    <subfield code="4">0</subfield>
    <subfield code="7">1</subfield>
    <subfield code="8">NFIC</subfield>
    <subfield code="a">RUCL</subfield>
    <subfield code="b">RUCL</subfield>
    <subfield code="c">Reading</subfield>
    <subfield code="d">2008-07-10</subfield>
    <subfield code="e">Maktabatul Arabiah , Dhaka</subfield>
    <subfield code="g">450.00</subfield>
    <subfield code="l">0</subfield>
    <subfield code="o">A 491.75 IBS 2004</subfield>
    <subfield code="r">2021-02-22 00:00:00</subfield>
    <subfield code="t">C-1</subfield>
    <subfield code="w">2021-02-22</subfield>
    <subfield code="y">BK</subfield>
  </datafield>
</record>
